000 00689nam a2200229 a 4500
001 14134
003 BD-JhCC
005 20250109102654.0
008 170925s2025 bg |||| ||a| 000 0 ben d
020 _a978984990877
035 _a(BD-JhCC)14134
040 _aBD-JhCC
_cBD-JhCC
_dBD-JhCC
041 _aben
082 _a891.4415
_bRID 2025
100 _aরিদওয়ান
245 _aদৃশ্যত সব মিথ্যে /
_cরিদওয়ান ।
260 _aঢাকা;
_bনব সাহিত্য প্রকাশনী:
_c2025,
300 _a64 পৃ. ;
_c22 সেমি
650 _aPoems
942 _2ddc
_cBK
999 _c14134
_d14134